000 00361nam a2200157Ia 4500
008 210210b xxu||||| |||| 00| 0 eng d
041 _aeng
082 _a886/55
100 _aSHANKARACHARYA
245 _aSelect works
260 _aMadras
_bG A Natesan and Company
_c
650 _aworks
650 _aSelect
690 _aSanskrit Criticism
906 _a024562
999 _c150102
_d150102